Esa paloma salpicada de mariposas /

Guardado en:
Autor Principal: Ravone de Hunicken, Lidia
Formato: Libro
Publicado: Buenos Aires : Eudeba-fondo Editorial Rionegrino, 1987
Series:Colección Fuego en el Fuego
Materias:
Etiquetas: Agregar Etiqueta
Sin Etiquetas, Sea el primero en etiquetar este registro!
LEADER 00696nam a22002295a 4500
001 CEM.cems005312
005 20091016111245.0
008 130507s1987##################000#0#####d
003 CEMS
020 |a 9502303792 
082 0 4 |a A861.4 
100 1 |a Ravone de Hunicken, Lidia 
245 1 0 |a Esa paloma salpicada de mariposas /  |c Lidia Ravone de Hunicken 
260 |a Buenos Aires :  |b Eudeba-fondo Editorial Rionegrino,  |c 1987 
300 |a 45 p. 
490 0 |a Colección Fuego en el Fuego 
653 |a Literatura 
653 |a Literatura argentina 
653 |a Poesía argentina-siglo 20 
653 |a Poesías 
653 |a Caligrama 
859 |a CEMS  |b BIB. CEMS - 11 de abril  |h A861.4  |i R198  |p 15085.88  |t Ej.1